000 00694nam a2200205 i 4500
001 90510
003 ES-MaACL
005 20240225063053.0
007 t|
008 050121q1920 sp ||||1| spa d
100 1 _aLenin, Vladimir Il'ich,
_d1870-1924
_971523
245 1 3 _aEl extremismo, enfermedad infantil del comunismo /
_cVladimir Illicht Lenin ; traducción de la última edición del Instituto Lenin.
260 _aBarcelona :
_bEuropa :
_bAmérica,
_c[1920?]
300 _a182 p. ;
_c21 cm.
490 1 _aBiblioteca Marxista
710 2 _aInstituto Lenin.
_95120
830 0 _aBiblioteca Marxista
_9231945
852 _aES-MaACL
_jA-622
999 _c90510
_d90510